Normal view MARC view
  • Schmit, Samuel,

Entry Nombre Personal

Number of records used in: 2

001 - NUMERO DE CONTROL

  • campo de control: 34311

003 - IDENTIFICADOR DE NUMERO DE CONTROL

  • campo de control: UPN

005 - FECHA Y HORA DE LA ÜLTIMA TRANSACCIÓN

  • campo de control: 20220905203506.0

008 - DATOS DE LONGITUD FIJA

  • campo de control de longitud fija: 220905nn acannaabn n aaa d

035 ## - NUMERO DE CONTROL

  • Número de control: UPN11000006418

040 ## - FUENTE DE CATALOGACIÓN

  • Lenguaje de catalogación: SPA
  • Agencia de transcripción: UPN
  • Agencia original de catalogación: UPN

100 1# - ENCABEZAMIENTO - NOMBRE PERSONAL

  • Nombre personal: Schmit, Samuel,
  • Fechas asociadas con el nombre: 1950-

400 1# - VEÁSE - NOMBRE DE PERSONA

  • Personal name: Schmidt Nedvedovich, Samuel,
  • Dates associated with a name: 1950-

670 ## - FUENTE EN LA QUE SE LOCALIZARON DATOS

  • Cita de la fuente: LC

680 ## - NOTA PUBLICA DE ACCESO PÚBLICO

  • Frase explicativa de la referencia: Investigador mexicano experto en diversas áreas como democratización, estudios fronterizos, juicios de asilo político y humor político

902 ## - CATALOGADOR

  • Catalogador: MCM/051113